000 00496 a2200181 4500
003 OSt
005 20231202110706.0
008 231202b |||||||| |||| 00| 0 eng d
020 _a9789386680945
040 _coclc
082 _a894.8123
_bMEE/B
100 _aMeera, K R
_96807
245 _aBhagavaante Maranam /
_cK.R. Meera
250 _a11th ed.
260 _aKottayam:
_bD C books,
_c2022.
300 _a120p.
942 _2ddc
_cBK
_h894.8123
_iMEE/B
_k894.8123
_mMEE/B
999 _c43929
_d43929